000
00316nam a22001337a 4500
999
_c
12124
_d
12124
020
_a
0-19-806542-6
082
_a
530.02
100
_a
D.K.Bhattacharya
245
_a
Engineering Physics
260
_a
New York
_b
Oxford University Press
_c
2015
300
_a
373
650
_a
Electrical Engineering
942
_c
BK